000 00470nam a2200205Ia 4500
003 0100
008 130303s9999 xx 000 0 und d
020 _a0262521326
040 _cARRUPELIB
050 _aB2430.F724F56 1988
245 4 _aThe final Foucault
260 _aCambridge MA
260 _bMIT Press
260 _C1988
300 _a168p.
300 _b 23cm.
650 _aPHILOSOPHY
700 _aBernauer, James and Rasmussen (eds.)
942 0 0 _01
999 _c21688
_d21688